000 00593nas a2200205 4500
001 000037136
003 DLC
005 20240917121445.0
008 120216c20119999dr qr1p dd 0 0spa d
040 _aDO-SdBNP
_bspa
_cBNPHU
_erda
043 _anwdr
245 0 0 _aDIGRES informativo.
246 1 3 _aBoletín trimestral
260 _aSanto Domingo :
_bMinisterio de Salud Pública.
300 _av. :
_bil., retrs. ;
_c28 cm.
310 _aTrimestral
362 1 _aAño 3. no. 8 (enero 2011)
500 _aCatalogación basada en el ejemplar año 3. no. 8 (enero 2011)
942 _2ddc
_cISSUE
999 _c36626
_d36626